000 00725nam a2200205Ii 4500
003 JO-AjNU
008 230605s9999||||xx |||||||||||||| ||und||
040 _aJO-AjNU
_bara
_erda
_cJO-AjNU
041 _aara
050 1 4 _aBP165.5.S2 1983
100 3 _aالسائح، عبد الحميد,
_eauthor
_941131
245 0 0 _aعقيدة المسلم وما يتصل بها
250 _aط2
264 3 1 _aعمان: منشورات وزارة الاوقاف والشؤون والمقدسات الاسلامية، 1983
300 _a403ص
336 _atext
_btxt
_2rdacontent
337 _aunmediated
_bn
_2rdamedia
338 _avolume
_bnc
_2rdacarrier
650 4 _aعلم الكلام- الشريعة الاسلامية
_941132
999 _aA17512
_c21080
_d21080